000 00390nam a22001697a 4500
003 OSt
005 20211014132419.0
008 211014b |||||||| |||| 00| 0 eng d
020 _a1887178961
040 _cHU
082 _a304.2/NAB
100 _aGARY PAUL NABBAN
_913698
245 _aCULTURES OF HABITAT
260 _aAMERICAN
_bINC
_c1998
300 _a338P
942 _2ddc
_cBOOKS
_n0
999 _c12779
_d12779